Movies Quiz

Random Movies or Numbers Quiz

Twins in Movies Quiz Stats

 Plays Quiz Updated May 9, 2017

Challenge
Share
Tweet
Score 0/20 Timer 05:00
7 Plays Today
Number Movie Title % Correct
5Walt Disney's Bambi
94.3%
19Star Wars: Episode IV - A New Hope
91.1%
16Harry Potter Series
83.2%
1Twins
81.8%
18The Shining
77.2%
9The Parent Trap
69.9%
13Walt Disney's Peter Pan
55.4%
6The Matrix Reloaded
50.3%
2New York Minute
40.5%
7Blades of Glory
33.3%
Number Movie Title % Correct
3Adaptation.
30.9%
10Cheaper By the Dozen
24.8%
4Big Fish
23.3%
11Adam Sandler's Eight Crazy Nights
20.1%
17Spaceballs
19%
12Double Impact
17.6%
15The Great Outdoors
12.4%
20Grindhouse: Planet Terror
7.9%
14One Crazy Summer
6.3%
8The Black Room
4.3%

You're not logged in!

Compare scores with friends on all Sporcle quizzes.
OR
Log In

You Might Also Like...

Show Comments

Extras

Top Quizzes Today


Score Distribution

Your Account Isn't Verified!

In order to create a playlist on Sporcle, you need to verify the email address you used during registration. Go to your Sporcle Settings to finish the process.

Report this User

Report this user for behavior that violates our Community Guidelines.

Details: